000 00658nam a2200229Ia 4500
003 OSt
005 20220923230534.0
006 a|||||r|||| 00| 0
007 ta
008 Pun
024 _a283,016
037 _cTextual
040 _aARTS
_cARTS
_bPun
041 _2Pun
_aPun
082 _aO153,3N37x, M7
100 _aਨੌFਹਿਰਵੀ, ਹਮਦਰਦਵੀਰ
_9169042
245 0 _aਕਹਾਣੀ ਅਜੇ ਮੁੱਕੀ ਨਹੀ੍ਵ
260 _c1987
650 _aਪੰਜਾਬੀ ਸਾਹਿਤ
942 _hO153,3N37x, M7
_cTEXL
_2CC
999 _c385559
_d385559